LEADER 01424nam2 22003011i 450 001 UON00525792 005 20240909094517.671 100 $a20240830d1968 |0itac50 ba 101 $aita 102 $aIT 105 $a|||| ||||| 200 1 $a5: La supremazia della Francia (1648-1688)$fa cura di Francis Ludwig Carsten 210 $aMilano$cGarzanti$d1968 215 $aXV, 827 p., [32] carte di tavole$cillustrazioni$d25 cm. 300 $aIn testa al frontespizio: Cambridge University Press. 410 1$1001UON00107604$12001 $aCollezione maggiore Garzanti 461 1$1001UON00178902$12001 $aStoria del mondo moderno$f[Comitato direttivo Sir George Clark, Sir James Butler, J.P.T Bury, E.A. Benians]$1205 $a1. edizione$1210 $aMilano$cGarzanti$d1967-1972$1215 $a12 volumi$d25 cm.$v5 606 $aStoria moderna e contemporanea$3UONC023886$2FI 620 $aIT$dMilano$3UONL000005 676 $a940.25$cStoria generale d'Europa. 1648-1789$v21 712 $aCARSTEN, Francis Ludwig$3UONV123482$4650 712 $aGarzanti$3UONV245790$4650 801 $aIT$bSOL$c20250627$gRICA 899 $aSIBA - SISTEMA BIBLIOTECARIO DI ATENEO$2UONSI 912 $aUON00525792 950 $aSIBA - SISTEMA BIBLIOTECARIO DI ATENEO$dSI S.C STORIA 006 $eSI LO 36206 7 006 996 $aAscendancy of France (1648-1688)$93613332 997 $aUNIOR